Sports Quiz

Random Sports or Nation Quiz

Sochi 2014 Winter Olympics Medal Table Quiz Stats

 Plays Quiz not verified by Sporcle

Score 0/26 Timer 07:00
0 Plays Today
Position Country % Correct
1stRussia
98.5%
4thUnited States
98.5%
2ndNorway
96.4%
6thGermany
96.4%
3rdCanada
95.9%
17thJapan
95.4%
14thSweden
94.4%
12thChina
93.8%
19thGreat Britain
93.3%
10thFrance
92.3%
18thFinland
91.8%
7thSwitzerland
90.8%
13thSouth Korea
90.3%
Position Country % Correct
9thAustria
89.2%
22ndItaly
89.2%
5thNetherlands
88.7%
11thPoland
83.6%
20thUkraine
83.6%
24thAustralia
82.6%
21stSlovakia
82.1%
16thSlovenia
81.5%
15thCzech Republic
80.5%
8thBelarus
77.4%
23rdLatvia
72.3%
26thKazakhstan
69.2%
25thCroatia
59.5%

You're not logged in!

Compare scores with friends on all Sporcle quizzes.
OR
Log In

Show Comments

Extras

Top Quizzes Today


Score Distribution

Your Account Isn't Verified!

In order to create a playlist on Sporcle, you need to verify the email address you used during registration. Go to your Sporcle Settings to finish the process.

Report this User

Report this user for behavior that violates our Community Guidelines.

Details: